History Quiz

Random History or Politics Quiz

U.S. Presidents' Political Parties Quiz Stats

 Plays Quiz not verified by Sporcle

Score 0/44 Timer 02:00
1 Play Today
President Political Party % Correct
1. George WashingtonIndependent
87.8%
3. Thomas JeffersonDemocratic-Republican
87.7%
2. John AdamsFederalist
87.6%
4. James MadisonDemocratic-Republican
87.1%
7. Andrew JacksonDemocratic
84.3%
8. Martin Van BurenDemocratic
83.4%
5. James MonroeDemocratic-Republican
81%
9. William Henry HarrisonWhig
81%
11. James K. PolkDemocratic
81%
16. Abraham LincolnRepublican
81%
10. John TylerWhig
80.4%
14. Franklin PierceDemocratic
79.1%
15. James BuchananDemocratic
78.7%
6. John Quincy AdamsDemocratic-Republican
78.2%
12. Zachary TaylorWhig
78.2%
13. Millard FillmoreWhig
77.6%
17. Andrew JohnsonDemocratic
77.4%
18. Ulysses S. GrantRepublican
77.4%
19. Rutherford B. HayesRepublican
76.4%
20. James GarfieldRepublican
75.5%
21. Chester ArthurRepublican
74.8%
22. Grover ClevelandDemocratic
74.4%
President Political Party % Correct
23. Benjamin HarrisonRepublican
73.4%
24. Grover ClevelandDemocratic
73.1%
25. William McKinleyRepublican
72.3%
26. Theodore RooseveltRepublican
72.2%
27. William H. TaftRepublican
71.4%
28. Woodrow WilsonDemocratic
71%
29. Warren HardingRepublican
70.1%
30. Calvin CoolidgeRepublican
69.6%
31. Herbert HooverRepublican
69.1%
32. Franklin D. RooseveltDemocratic
69%
33. Harry S TrumanDemocratic
68.1%
34. Dwight D. EisenhowerRepublican
67.6%
35. John F. KennedyDemocratic
67.3%
36. Lyndon JohnsonDemocratic
66.6%
37. Richard NixonRepublican
66.2%
38. Gerald FordRepublican
65.5%
39. James CarterDemocratic
65.1%
40. Ronald ReaganRepublican
64.6%
41. George H.W. BushRepublican
64.1%
42. William J. ClintonDemocratic
63.7%
44. Barack H. ObamaDemocratic
63.5%
43. George W. BushRepublican
63.3%

You're not logged in!

Compare scores with friends on all Sporcle quizzes.
OR
Log In

Show Comments

Extras

Top Quizzes Today


Score Distribution

Your Account Isn't Verified!

In order to create a playlist on Sporcle, you need to verify the email address you used during registration. Go to your Sporcle Settings to finish the process.

Report this User

Report this user for behavior that violates our Community Guidelines.

Details: